Normal view MARC view
  • Management

Entry Topical Term

Number of records used in: 1

001 - CONTROL NUMBER

  • control field: 7855

003 - CONTROL NUMBER IDENTIFIER

  • control field: JRU

005 - DATE AND TIME OF LATEST TRANSACTION

  • control field: 20230601112326.0

008 - FIXED-LENGTH DATA ELEMENTS

  • fixed length control field: 230601|| aca||aabn | a|a d

040 ## - CATALOGING SOURCE

  • Original cataloging agency: JRU
  • Transcribing agency: JRU

150 ## - HEADING--TOPICAL TERM

  • Topical term or geographic name as entry element: Management

670 ## - SOURCE DATA FOUND

  • Source citation: Work cat.: (JRU)2092: Cooper, Donald R & Sehimdlers, Pamda S 7854, Marketing Research Concept and Cases, 2006